000 00904nam a22001697a 4500
003 OSt
005 20251127084558.0
008 251127b |||||||| |||| 00| 0 eng d
040 _cDCL
082 _a၂၉၄.၃၈၂၃၅၅
130 _aတိပိဋက။
_pသုတ္တန္တပိဋက။
_pခုဒ္ဒကနိကာယ။
_tပဋိသမ္ဘိဒါမဂ္ဂ၊
_lအဋ္ဌကထာ။
245 _aပဋိသမ္ဘိဒါမဂ္ဂဋ္ဌကထာ၊
_nဒုတိယတွဲ။
264 _aရန်ကုန် ၊
_bနိုင်ငံတော်ဗုဒ္ဓသာသနာအဖွဲ့၊
_c၁၉၅၈။
300 _aဃ၊ ၃၉၄ စာမျက်နှာ ၊
_c၂၅ စင်တီ။
650 _aပဋိသမ္ဘိဒါမဂ္ဂ
_vအဋ္ဌကထာ။
942 _2ddc
_cSHORT TERM
_n0
999 _c2636
_d2636